Central Library OPAC University of Rajshahi

Industrial and commercial geography / (Record no. 23369)

MARC details
000 -LEADER
fixed length control field 00800nam a2200253 4500
001 - CONTROL NUMBER
control field 23369
003 - CONTROL NUMBER IDENTIFIER
rucl marc code BD-RjUL
005 - DATE AND TIME OF LATEST TRANSACTION
control field 20211209000924.0
008 - FIXED-LENGTH DATA ELEMENTS--GENERAL INFORMATION
fixed length control field 140310s1955 us 000 0 eng d
035 ## - SYSTEM CONTROL NUMBER
System control number (BD-RjUL)23434
040 ## - CATALOGING SOURCE
Original cataloging agency WSU
Modifying agency OCL
-- EUX
Language of cataloging eng
Transcribing agency BD-RjUL
041 ## - LANGUAGE CODE
Language code of text/sound track or separate title eng
082 ## - DEWEY DECIMAL CLASSIFICATION NUMBER
Classification number 909
Author mark and year IND 1961
245 00 - TITLE STATEMENT
Title Industrial and commercial geography /
Statement of responsibility, etc. J. Russell Smith, M. Ogden Phillips [and] Thomas R. Smith
250 ## - EDITION STATEMENT
Edition statement 4th ed
260 ## - PUBLICATION, DISTRIBUTION, ETC. (IMPRINT)
Place of publication, distribution, etc. New York :
Name of publisher, distributor, etc. Holt,
Date of publication, distribution, etc. 1961.
300 ## - PHYSICAL DESCRIPTION
Pagination 689 p :
Illustrations ill. ;
Size 26 cm
650 #0 - SUBJECT ADDED ENTRY--TOPICAL TERM
Topical term or geographic name as entry element Economic geography
9 (RLIN) 7860
700 1# - ADDED ENTRY--PERSONAL NAME
Personal name Phillips, M. Ogden
Fuller form of name (Merton Ogden),
Dates associated with a name 1900-1958.
Personal name Smith, J. Russell
Fuller form of name (Joseph Russell),
Dates associated with a name 1874-1966.
Personal name Smith, Thomas R.,
Dates associated with a name 1910-
942 ## - ADDED ENTRY ELEMENTS (KOHA)
Source of classification or shelving scheme Dewey Decimal Classification
Koha item type Books
Holdings
Lost status Source of classification or shelving scheme Damaged status Not for loan Collection code Permanent Location Current Location Shelving location Date acquired Source of acquisition Cost, normal purchase price Total Checkouts Full call number Date last seen Copy number Koha item type
  Dewey Decimal Classification     Non-fiction Central Library, University of Rajshahi Central Library, University of Rajshahi   27/08/1968 Zeitlinger 100.00   909 IND 1961 10/03/2014 C-3 Books
  Dewey Decimal Classification     Non-fiction Central Library, University of Rajshahi Central Library, University of Rajshahi   16/02/1963 Zitlinger 65.00   909 IND 1961 13/04/2014 C-4 Books
  Dewey Decimal Classification     Non-fiction Central Library, University of Rajshahi Central Library, University of Rajshahi   07/02/1963 Zeitlinger 65.00   909 IND 1961 24/05/2014 C-2 Books
  Dewey Decimal Classification   Not For Loan Non-fiction Central Library, University of Rajshahi Central Library, University of Rajshahi Reading Room 07/02/1963 Zeetlinger 65.00   909 IND 1961 29/12/2016 C-1 Books